000 00780cab a22002295a 4500
001 L159951
008 150113e2017 xxk 000 0 eng d
035 _a(Sirsi) u159951
041 0 _aeng
050 _a333.3307 $2 18
100 1 _aCraig, Ewan
245 0 0 _aTaking care of business
_h[electronic resource]
260 _aLondon
_bRICS
_c2017
490 _aRICS Building Surveying Journal
_vMarch - April 2017, 26(1)
520 _aOffers guidance on client care which is a mandatory competency for building surveying.
650 2 4 _aCOMPETENCIES
650 2 4 _aAPC
_96216
651 4 _aUnited Kingdom
_y
690 _aBuilding surveying
_96225
856 4 0 _uhttps://issuu.com/ricsmodus/docs/building_surveying_journal_march_ap
_yAvailable free online via Issuu
942 _n0
999 _c85075
_d85075